Estadísticas para 15 principales países con muertes de Covid-19 - 17 deciembre

Haz click aquí para intentar la prueba.

Estadísticas generales

  • Esta prueba ha sido intentada 4 veces
  • La puntuación promedio es 15 de 22

Estadísticas de respuestas

país% Correcto
Alemania
100%
Argentina
100%
Brasil
100%
España
100%
Estados Unidos
100%
Italia
100%
Rusia
100%
Chequia
75%
Colombia
75%
Francia
75%
India
75%
México
75%
Perú
75%
Polonia
75%
Reino Unido
75%
Bélgica
50%
Armenia
25%
Bosnia y Herzegovina
25%
Eslovenia
25%
Irán
25%
Bulgaria
0%
Macedonia del Norte
0%

Distribución de puntuación

Porcentaje por número respondido

Porcentaje de gente con cada puntuación

Historial de tus puntuaciones

No has intentado esta prueba.